000 00559nam a2200181Ia 4500
008 100920s9999 xx 000 0 und d
082 _b99381
_a491.462 न 07
100 _aकिणीकर रॉय.
245 _aसाऊंड ट्रॅक.
260 _bडायमंड पब्लिकेशन पुणे.
_c2007
300 _a133
_bसाधी
365 _b110
520 _aनाटक.
630 _aसाऊंड ट्रॅक.
650 _aनाटक.
730 _aसाऊंड ट्रॅक.
942 _cBOOK
999 _c739819
_d739816